000
00183nam a2200073Ia 4500
008
170817s9999 xx 000 0 und d
100
_a
HILGART R.
245
0
_a
INTRODUCTION TO PSYCHOLOGY
260
_b
OXFORD & IBH PUB.
999
_c
36419
_d
36419